00301nam a2200121Ia 4500008004000000082001800040100002000058245002500078250000500103260004000108300001100148650002000159210210b1980 xxu||||| |||| 00| 0 eng d a690.8312 RANT aRANGWALA (S C). aTown planning. Ed 3. a aIndia.bCharotar Book Stall.,c1980 axi,235 aTown Planning